000 01409nam a22003257a 4500
003 OSt
005 20240228141132.0
008 100322s2010 dr 000 0 spa d
020 _a9789945403183
040 _aDO-SdBNP
_bspa
_cBNPHU
082 4 _aA862.4408
_bD763L
_222
245 0 0 _aDramaturgia latinoamericana: Dominicana /
_cCarlos Burgos ... [et al]
260 _aSantiago de los Caballeros, República Dominicana :
_bSociedarte,
_c2010.
300 _a201 p. :
_c21 cm.
500 _aIncluye datos biográficos de los autores.
505 0 _tEquinoccio --
_rCarlos Burgos /
_tPor hora y a piece work --
_rElizabeth Ovalle /
_tJuego de Ajedrez --
_rFranklin Domínguez /
_tTrilogía del perenne sacrificio --
_rIván García Guerra /
_tInocencia --
_rJosé Adolfo Pichardo /
_tBatallando --
_rWilliam Mejía /
590 _aInventariado, 2021/ YL
590 _aLa biblioteca posee un (1) ejemplar autografiado por el autor.
650 4 _aTeatro dominicano
_979780
650 4 _aLiteratura dominicana
_vColecciones
_97123
650 4 _aDrama dominicano
_vColecciones
_979781
700 1 2 _aBurgos, Carlos
_978203
700 1 2 _aOvalle, Elizabeth
_973181
700 1 2 _aDomínguez, Franklin
_926932
700 1 2 _aGarcía Guerra, José
_978204
700 1 2 _aPichardo, José Adolfo,
_d1964-
_926369
700 1 2 _aMejía, William
_91538
910 _aYLOCKWARD/Validado. Control de calidad MFF
942 _2ddc
_cLBS1
999 _c49641
_d49641